Site engineering for landscape architects
Includes bibliographical references and index
Spremljeno u:
| Glavni autor: | |
|---|---|
| Daljnji autori: | |
| Format: | Knjiga |
| Jezik: | Undetermined |
| Izdano: |
Hoboken, N.J.
John Wiley & Sons
2013
|
| Teme: | |
| Online pristup: | http://lrc.tdmu.edu.vn/opac/search/detail.asp?aID=2&ID=25544 |
| Oznake: |
Dodaj oznaku
Bez oznaka, Budi prvi tko označuje ovaj zapis!
|
| Thư viện lưu trữ: | Trung tâm Học liệu Trường Đại học Thủ Dầu Một |
|---|
| LEADER | 00845nam a2200217Ia 4500 | ||
|---|---|---|---|
| 001 | TDMU_25544 | ||
| 008 | 210410s9999 xx 000 0 und d | ||
| 082 | |a 624 | ||
| 090 | |b S429 | ||
| 100 | |a Strom, Steven | ||
| 245 | 0 | |a Site engineering for landscape architects | |
| 245 | 0 | |c Steven Strom, Kurt Nathan, Jake Woland | |
| 260 | |a Hoboken, N.J. | ||
| 260 | |b John Wiley & Sons | ||
| 260 | |c 2013 | ||
| 300 | |a xiv, 348 p., [16] p. of plates | ||
| 520 | |a Includes bibliographical references and index | ||
| 650 | |a Building sites; Landscape architecture; Landscape construction; Kiến trúc cảnh quan; Thi công cảnh quan; Công trường xây dựng | ||
| 700 | |a Nathan, Kurt | ||
| 856 | |u http://lrc.tdmu.edu.vn/opac/search/detail.asp?aID=2&ID=25544 | ||
| 980 | |a Trung tâm Học liệu Trường Đại học Thủ Dầu Một | ||